000
00217 a2200097 4500
001
45397
100
_a
Zagoria D
245
_a
Soviet policy in east Asia
260
_a
London
_b
Yak universe
_c
090
_c
28561
_d
28561
942
_a
NUST-CAE
_c
M
_c
20626
999
_c
280470
_d
280470